Australia by Letter - I - Statistics

General Stats
  • This quiz has been taken 15 times
  • The average score is 7 of 10
Answer Stats
Hint Answer % Correct
First name shared by these well-known Australians: swimmer Thorpe, cricketer Healy, footballer Roberts, actor Smith and TV presenter "Dicko" Dickson Ian
100%
Last name of Crocodile Hunter Steve and his family, who established Queensland's Australia Zoo Irwin
100%
Five girls' names starting with I appear in the McCrindle Baby Names Australian Top 100 for 2025. Name one. Isla | Ivy | Isabella | Isabelle | Imogen
92%
The word that follows these Australian place names: Melville, Kangaroo, Bruny, Moreton and Rottnest Island
92%
Five countries starting with I appear in the Top 20 of the Australian Bureau of Statistics 2024 list of countries of birth of Australian residents. Name one. India | Italy | Indonesia | Iraq | Ireland
85%
A city of over 100,000 that is part of the Greater Brisbane region; named for a town in England Ipswich
77%
Black-headed white birds, colloquially called "bin chickens" and ubiquitous in urban areas Ibis
69%
Rock band, formed in 1977, known for their hit "Great Southern Land" Icehouse
46%
Coastal region south of Sydney, centered on the cities of Wollongong and Shellharbour Illawarra
46%
Small, potentially deadly jellyfish which inhabit northern Australian waters Irukandji
31%
No matching quizzes found
Score Distribution
Percent of People with Each Score
Percentile by Number Answered
Your Score History
You have not taken this quiz